The Walking Dead Universe Episodes - Statistics

General Stats
  • This quiz has been taken 23 times
  • The average score is 43 of 340
Answer Stats
# Title % Correct
1 The Day Will Come When You Won't Be
76%
16 A
71%
1 Days Gone Bye
71%
2 Guts
67%
3 Tell It to the Frogs
62%
4 Vatos
62%
13 Beside the Dying Fire
52%
12 Better Angels
52%
8 Too Far Gone
52%
6 TS-19
52%
5 Wildfire
52%
16 Conquer
48%
4 Killer Within
48%
1 Mercy
48%
8 Nebraska
48%
1 No Sanctuary
48%
5 Now
48%
14 | 16 Wrath
48%
4 Cherokee Rose
43%
22 Here's Negan
43%
16 Last Day on Earth
43%
9 No Way Out
43%
7 Pretty Much Dead Already
43%
10 18 Miles Out
38%
5 Chupacabra
38%
8 Coda
38%
3 Four Walls and a Roof
38%
1 30 Days Without An Accident
33%
2 Bloodletting
33%
2 | 16 Gone
33%
9 Honor
33%
2 Infected
33%
3 Isolation
33%
2 JSS
33%
24 Rest in Peace
33%
1 Seed
33%
4 Slabtown
33%
15 The Calm Before
33%
14 The Grove
33%
15 Try
33%
15 Us
33%
5 What Comes After
33%
13 Forget
29%
4 Here's Not Here
29%
11 Judge, Jury, Executioner
29%
12 Remember
29%
14 Spend
29%
10 Them
29%
16 The Storm
29%
9 The Suicide King
29%
9 Triggerfinger
29%
1 What Lies Ahead
29%
9 After
24%
1 A New Beginning
24%
3 Bye
24%
12 Clear
24%
1 Pilot
24%
6 Secrets
24%
12 Still
24%
16 The First Day of the Rest of Your Life
24%
4 | 12 The Key
24%
6 The King, the Widow and Rick
24%
2 The Well
24%
3 Walk With Me
24%
16 Welcome to the Tombs
24%
9 What Happened and What's Going On
24%
1 Years
24%
13 Alone
19%
13 Arrow on the Doorpost
19%
11 Claimed
19%
7 Crossed
19%
15 East
19%
8 Evolution
19%
1 First Time Again
19%
10 Home
19%
8 How Its Gotta Be
19%
5 Internment
19%
14 Look at the Flowers
19%
8 Made to Suffer
19%
12 Not Tomorrow Yet
19%
10 Omega
19%
9 Rock in the Road
19%
8 Start to Finish
19%
14 Still Gotta Mean Something
19%
2 Strangers
19%
3 Thank You
19%
2 The Bridge
19%
3 The Cell
19%
11 The Distance
19%
4 The Obliged
19%
13 The Same Boat
19%
15 This Sorrowful Life
19%
4 What We
19%
6 Who Are You?
19%
6 Who Are You Now?
19%
4 100
14%
1 Acheron: Part I
14%
2 Acheron: Part II
14%
6 Always Accountable
14%
5 Become
14%
11 Dead or Alive Or
14%
7 Dead Weight
14%
3 Dee
14%
21 Diverged
14%
13 Do Not Send Us Astray
14%
5 Go Getters
14%
7 Heads Up
14%
8 Hearts Still Beating
14%
11 I Ain't a Judas
14%
10 Inmates
14%
11 Knots Untie
14%
1 Lines We Cross
14%
1 Monster
14%
3 Monsters
14%
10 New Best Friends
14%
14 Prey
14%
3 Save the Last One
14%
5 Say the Word
14%
12 Say Yes
14%
5 Self Help
14%
4 Service
14%
2 Sick
14%
4 Some Guy
14%
15 Something They Need
14%
20 Splinter
14%
6 Swear
14%
5 The Big Scary U
14%
2 The Damned
14%
10 The Lost and the Plunderers
14%
10 The Next World
14%
7 Time for After
14%
14 Twice as Far
14%
3 Warning Signs
14%
7 When the Dead Come Knocking
14%
15 Worth
14%
16 A Certain Doom
10%
9 Adaptation
10%
2 Alouette
10%
6 Au Revoir Les Enfants
10%
11 Bounty
10%
13 Bury Me Here
10%
9 Channel 4
10%
15 Channel 5
10%
6 Consumed
10%
1 Eye of the Beholder
10%
23 Family
10%
18 Find Me
10%
12 Guardians
10%
17 Home Sweet Home
10%
11 Hostiles and Calamities
10%
6 Hounded
10%
3 Hunted
10%
4 Indifference
10%
12 In Dreams
10%
6 Live Bait
10%
11 Morning Star
10%
14 Scars
10%
4 Silence the Whisperers
10%
7 Sing Me a Song
10%
16 Sleigh Ride
10%
7 Stradivarius
10%
8 The Door
10%
14 The Other Side
10%
14 The Rotten Core
10%
15 The Tower
10%
12 Walk With Us
10%
2 We Are the End of the World
10%
13 What We Become
10%
16 Acts of God
5%
3 Alaska
5%
15 Amina
5%
4 Amy/Dr. Everett
5%
13 Blackjack
5%
2 Blair/Gina
5%
6 Bonds
5%
12 Brother's Keeper
5%
13 Chokepoint
5%
3 Cindy Hawkins
5%
5 Cobalt
5%
6 Coming Home
5%
5 Davon
5%
5 Deux Amours
5%
6 Doma Smo
5%
14 El Matadero
5%
1 Evie/Joe
5%
9 Follow Me
5%
8 For Blood
5%
3 Ghosts
5%
8 Iron Tiger
5%
13 J.D.
5%
1 Konsekans
5%
1 L'âme Perdue
5%
5 Laura
5%
14 MM 54
5%
14 Mother
5%
2 Moulin Rouge
5%
10 New Haunts
5%
9 No Other Way
5%
11 Ofelia
5%
1 Old Acquaintances
5%
19 One More
5%
7 Open Your Eyes
5%
3 Ouroboros
5%
5 Out of the Ashes
5%
11 Pablo & Jessica
5%
8 PADRE
5%
3 Paris Sera Toujours Paris
5%
7 Promises Broken
5%
4 Rendition
5%
11 Rogue Element
5%
9 Squeeze
5%
10 Stalker
5%
16 The Beginning
5%
3 The Dog
5%
5 The End of Everything
5%
6 The Good Man
5%
11 The Holding
5%
10 The Last Light
5%
6 The Last Time
5%
6 The Little Prince
5%
12 The Lucky Ones
5%
7 The Portrait
5%
12 The Road Ahead
5%
8 The World Before
5%
13 This Land Is Your Land
5%
15 Trust
5%
15 USS Pennsylvania
5%
5 Vouloir, C'est Pouvoir
5%
13 Warlords
5%
5 What It Always Is
5%
1 What's Your Story?
5%
10 210 Words Per Minute
0%
6 All I See Is Red
0%
18 A New Deal
0%
2 Another Day in the Diamond
0%
7 Anton
0%
7 Blood and Lies
0%
4 Blood in the Steets
0%
2 Blue Jay
0%
1 Brave
0%
4 Breathe With Me
0%
4 Buried
0%
5 Burning in Water, Drowning in Flame
0%
6 Bury Her Next to Jasper's Leg
0%
5 Captive
0%
8 Children of Wrath
0%
10 Close Your Eyes
0%
7 Damage from the Inside
0%
13 Date of Death
0%
9 Death and the Dead
0%
14 Divine Providence
0%
10 Do Not Disturb
0%
16 End of the Line
0%
4 Everybody Wins a Prize
0%
3 Exit Wounds
0%
22 Faith
0%
4 Family is a Four Letter Word
0%
11 Fighting Like You
0%
2 Foothold
0%
3 Good Out Here
0%
8 Grotesque
0%
10 Handle with Care
0%
1 Here to Help
0%
5 Honey
0%
3 Humbug's Gulch
0%
16 ...I Lose Myself
0%
15 I Lose People...
0%
10 In This Life
0%
8 Is Anybody Out There?
0%
6 Just in Case
0%
10 Keeping Her Alive
0%
4 King County
0%
4 La Dame de Fer
0%
6 La Doña
0%
1 La Gentillesse des Étrangers
0%
11 La Serpiente
0%
13 Leave What You Don't
0%
4 Le Paradis Pour Toi
0%
3 L'Invisible
0%
17 Lockdown
0%
9 Los Muertos
0%
5 Madman Across the Water
0%
9 Minotaur
0%
5 More Time Than You Know
0%
10 Mourning Cloak
0%
12 Ner Tamid
0%
8 No One's Gone
0%
15 North
0%
4 Not Fade Away
0%
3 Odessa
0%
6 On the Inisde
0%
21 Outpost 22
0%
3 People Are a Resource
0%
9 People Like Us
0%
12 Pillar of Salt
0%
5 Quatervois
0%
6 Reclamation
0%
6 Red Dirt
0%
1 Remember What They Took from You
0%
8 Returning Point
0%
9 Sanctuary
0%
6 Shadow Puppets
0%
7 Shiva
0%
6 Sicut Cervus
0%
2 Six Hours
0%
4 Skidmark
0%
2 So Close, Yet So Far
0%
12 Sonny Boy
0%
7 Still Standing
0%
5 Stories We Tell Ourselves
0%
3 TEOTWAWKI
0%
1 The Beacon
0%
2 The Blaze of Gory
0%
11 The Code
0%
9 The Deepest Cut
0%
10 The Diviner
0%
1 The End Is the Beginning
0%
2 The Hurt That Will Happen
0%
2 The New Frontier
0%
13 The Raft
0%
8 The Sky Is a Graveyard
0%
3 The Tyger and the Lamb
0%
7 The Unveiling
0%
4 The Wrong End of a Telescope
0%
7 The Wrong Side of Where You Are Now
0%
15 Things Bad Begun
0%
9 Things Left to Do
0%
5 Till Death
0%
14 Today and Tomorrow
0%
7 Truth or Dare
0%
19 Variant
0%
12 Weak
0%
2 We All Fall Down
0%
2 Welcome to the Club
0%
20 What's Been Lost
0%
2 Who's There?
0%
11 You're Still Here
0%
No matching quizzes found
Score Distribution
Percent of People with Each Score
Percentile by Number Answered
Your Score History
You have not taken this quiz